[Event "Graz Open 2018"]
[Site "Graz"]
[Date "2018.02.17"]
[Round "1"]
[White "Krzywda, Andrzej"]
[Black "Dastan, Muhammed Batuhan"]
[Result "0-1"]
[WhiteElo "2137"]
[BlackElo "2520"]
[Annotator "TA"]
[PlyCount "160"]
[EventDate "2018.??.??"]
[EventType "swiss"]
[EventCountry "AUT"]
[SourceTitle "playchess.com"]
[Source "ChessBase"]
[SourceQuality "1"]

{[%evp 24,159,4,0,9,9,20,0,0,0,0,0,0,0,-1,-20,0,0,0,-26,36,35,48,21,54,56,50,0,0,-10,-14,-52,-34,-45,-46,-90,-100,-109,-106,-107,-54,-118,-79,-85,-79,-79,-79,-121,-120,-130,-45,-45,-45,-39,-50,-54,-8,-8,-8,-8,-8,-8,-8,-8,0,-20,0,-7,-2,-8,0,0,0,-68,0,-21,-19,-20,-19,-31,-20,-19,-8,-37,-39,-28,-15,-54,-54,-54,-54,-54,-56,-79,-78,-90,0,0,0,0,0,0,0,0,0,0,0,0,0,0,0,0,0,0,0,0,0,0,0,0,0,0,0,0,0,0,0,0,0,-29982,-29984,-29985,-29986,-29987,-29988,-29994,-29992,-29999]} 1. e4 c5 2. Nf3 d6 3. d4 cxd4 4. Nxd4 Nf6 5. Nc3 a6 6. g3 e5 7. Nb3 Be7 8. Bg2 b5 {B91: Sicilian Najdorf: 6 g3} (8... O-O 9. O-O b5 10. Nd5 Nxd5 11. Qxd5 Ra7 12. Be3 Be6 13. Qd2 Ra8 14. a4 Nc6 15. axb5 axb5 16. Rxa8 Qxa8 17. Ra1 Qb7 {½-½ (58) Naiditsch,A (2710)-Vidit,S (2693) Linares 2017}) 9. a4 b4 10. Nd5 Nxd5 11. Qxd5 Ra7 12. Be3 Be6 13. Qd3 {LiveBook: 30 Games} Rd7 14. O-O O-O 15. a5 Qc8 16. Rfc1 Qb7 $146 17. c4 bxc3 18. Rxc3 Nc6 19. f4 Rb8 {[%cal Re6b3]} 20. Nd2 {Black must now prevent f5.} Nb4 21. Qf1 Rc7 (21... d5 $11 22. f5 d4 23. fxe6 fxe6 24. Bxd4 exd4) 22. Bb6 $14 Rcc8 23. Rac1 {Strongly threatening Rc7.} Rxc3 24. bxc3 Nc6 25. Qd3 (25. f5 $5 {[%cal Rf5e6]} Bd7 26. Qd3 $14) 25... Bd8 $36 {[%mdl 2048] Black has some pressure.} 26. Rb1 Nxa5 27. Bxd8 Qa7+ 28. Kh1 Rxd8 29. fxe5 Qc7 30. exd6 Rxd6 31. Qe3 Rc6 (31... h6 $17 32. Bf1 Nc4 33. Nxc4 Bxc4) 32. Rc1 (32. Qf4 $15 Qxf4 33. gxf4) 32... Nc4 33. Nxc4 Rxc4 34. Bf1 Rc6 35. Rd1 h6 36. Qd4 a5 (36... Kh7 $17 37. Rc1 Bc4) 37. Qd8+ $15 Kh7 {Threatens to win with ...Qxd8.} 38. Qxc7 Rxc7 {[%mdl 4096] Endgame KRB-KRB} 39. Ra1 Ra7 40. Bb5 Kg6 41. Kg2 Kf6 42. Kf3 Ke5 43. Ke3 Bb3 44. Ba4 Bc4 45. Rb1 Rc7 46. Rb8 Bf1 47. Re8+ Kd6 48. Ra8 (48. Kd2 $11) 48... Rc5 (48... Rxc3+ $15 49. Kd2 Rd3+ 50. Ke1 Ra3 51. Rxa5 Bb5 $1 {[%mdl 512]} 52. Rxb5 Rxa4) 49. Ra7 Rxc3+ 50. Kf2 Bd3 51. Rxf7 Ra3 52. Be8 g5 53. Rh7 Bxe4 54. Rxh6+ Ke5 55. Rh5 Kd4 56. g4 $1 Rf3+ 57. Kg1 Rf8 58. Bd7 Rd8 59. Bf5 Bxf5 (59... Bd5 $17 60. Rh3 a4) 60. gxf5 $17 {KR-KR} a4 61. Rxg5 a3 62. Rg4+ Kc3 63. Ra4 Kb3 64. Ra6 a2 65. Kf2 Rf8 66. Rb6+ Kc4 67. Ra6 Rxf5+ 68. Kg3 $1 Kb3 {Hoping for ...Rc5.} ({Don't take} 68... Rg5+ 69. Kf3 $17) 69. Kg4 Rf1 70. h4 $1 a1=Q 71. Rxa1 Rxa1 $11 {KR-KP} 72. h5 $1 Kc4 73. Kf5 Kd5 74. h6 Rf1+ 75. Kg6 Ke6 {( -> ...Rg1+)} 76. h7 $2 {[%mdl 8192] [#]} (76. Kg7 $11) 76... Rg1+ $1 {Black mates.} 77. Kh6 {[#]} Kf7 $1 78. h8=N+ Kf6 {[%cal Rg1h1]} 79. Kh7 Rg2 80. Kh6 Rh2# {Precision: White = 55%, Black = 49%.} 0-1

[Event "Graz Open 2018"]
[Site "Graz"]
[Date "2018.02.17"]
[Round "1"]
[White "Baum, Jonasz"]
[Black "Kanmazalp, Ogulcan"]
[Result "0-1"]
[WhiteElo "2131"]
[BlackElo "2477"]
[Annotator "TA"]
[PlyCount "44"]
[EventDate "2018.??.??"]
[EventType "swiss"]
[EventCountry "AUT"]
[SourceTitle "playchess.com"]
[Source "ChessBase"]
[SourceQuality "1"]

{[%evp 19,44,0,0,-90,-108,-291,-272,-312,-306,-439,-417,-503,-502,-476,-454,-29988,-29989,-29989,-29990,-29990,-29991,-29991,-29992,-29996,-29997,-29998,-29999]} 1. e4 e6 2. d4 d5 3. Bd3 dxe4 4. Bxe4 Nf6 5. Bf3 c5 6. Ne2 Nc6 {C01: French: Exchange Variation} 7. Be3 cxd4 (7... Nd5 8. Bxd5 Qxd5 9. Nbc3 Qxg2 10. Rg1 Qf3 11. Nb5 Rb8 12. dxc5 Bd7 13. Nc7+ Kd8 14. Nb5 {0-1 (54) Kramnik,V (2808)-Caruana,F (2808) Stavanger 2017}) 8. Nxd4 Ne5 9. Nc3 Bb4 10. Ndb5 Bd7 {LiveBook: 9 Games} 11. Nd6+ {[#]} (11. Qd4 $11 {remains equal.} Nxf3+ 12. gxf3) 11... Ke7 $146 ({Find the theoretical novelty and annotate with similar games:} 11... Bxd6 12. Qxd6 Nc4 13. Qd4 Nxe3 14. Qxe3 {1-0 (51) Demidov,M (2497)-Shorokhov,A (2467) Moscow 2015}) 12. Nxb7 $2 (12. Nde4 $17) 12... Qc8 13. a3 Nxf3+ 14. Qxf3 (14. gxf3 {was necessary.} Bxc3+ 15. bxc3 Qxb7 16. Bc5+ Ke8 17. Rb1) 14... Bxc3+ $19 15. bxc3 Qxc3+ 16. Kd1 Rac8 ({Worse is} 16... Qxa1+ 17. Kd2 $11) 17. Qg3 {[#]} (17. Ra2 $19 Bc6 18. Qf4 Bxg2 19. Rg1 Bxb7 20. Qb4+ Qxb4 21. axb4) 17... Qxc2+ {Black mates.} 18. Ke1 Qc3+ 19. Bd2 Qxa1+ 20. Ke2 Bb5+ 21. Ke3 Qxa3+ 22. Kd4 Rc4+ 0-1

[Event "Graz Open 2018"]
[Site "Graz"]
[Date "2018.02.18"]
[Round "2"]
[White "Socko, Bartosz"]
[Black "Modler, Andreas"]
[Result "1-0"]
[WhiteElo "2593"]
[BlackElo "2294"]
[Annotator "TA"]
[PlyCount "77"]
[EventDate "2018.??.??"]
[EventType "swiss"]
[EventCountry "AUT"]
[SourceTitle "playchess.com"]
[Source "ChessBase"]
[SourceQuality "1"]

{[%evp 18,77,32,27,35,37,30,9,8,4,25,21,66,75,62,60,57,-28,-33,-58,-62,-61,-58,-68,-59,-66,-48,-75,-65,-74,-63,-106,-89,-72,-15,-15,0,0,0,-20,0,0,0,0,0,0,53,0,0,0,56,43,354,341,302,222,666,675,662,641,1401,1296]} 1. e4 c5 2. Nf3 e6 3. d4 cxd4 4. Nxd4 a6 5. Nc3 Qc7 6. Be2 Nf6 7. O-O Bb4 8. Qd3 Nc6 9. Nxc6 bxc6 10. Bg5 Be7 {B43: Sicilian: Kan Variation: 5 Nc3} 11. f4 d5 12. Kh1 h6 {The position is equal.} 13. Bh4 a5 14. e5 Nd7 15. Bxe7 Kxe7 16. Na4 $146 ({Predecessor:} 16. Qg3) 16... c5 17. f5 (17. Qa3 $14) 17... Ba6 $1 $36 {[%cal Ra6d3][%mdl 2048] Black is more active.} ({Of course not} 17... Qxe5 $6 18. Rae1 $14) 18. f6+ gxf6 19. exf6+ Kf8 $1 20. Qd2 Bxe2 21. Qxe2 Rg8 22. Rf3 Rg6 23. Raf1 Rb8 24. a3 Rg4 25. b3 Rh4 ({Better is} 25... c4 $17) 26. h3 Rh5 27. Rf4 Rg5 28. Rg4 Qe5 29. Qd2 Nxf6 30. Rxg5 hxg5 31. Nxc5 Ke7 (31... Ne4 $11 32. Nd7+ Ke8 33. Nxe5 Nxd2 34. Rxf7 Rc8) 32. Qxa5 ({White should try} 32. Nd3 $1 $14 Qd4 33. Qxg5 (33. Qxa5 Rc8 $11)) 32... Rc8 33. Nd3 Qd6 (33... Qb8 $11) 34. Qa7+ $1 $14 Rc7 $2 {[%mdl 8192] [#]} (34... Nd7 $14) 35. Qf2 $18 e5 36. Qf5 Qe6 $2 (36... e4) 37. Qxg5 {White is clearly winning.} Rxc2 38. Nxe5 d4 39. Ng4 {Precision: White = 56%, Black = 49%.} 1-0

[Event "Graz Open 2018"]
[Site "Graz"]
[Date "2018.02.18"]
[Round "2"]
[White "Sebenik, Matej"]
[Black "Marczuk, Dominik"]
[Result "1-0"]
[WhiteElo "2557"]
[BlackElo "2278"]
[Annotator "TA"]
[PlyCount "59"]
[EventDate "2018.??.??"]
[EventType "swiss"]
[EventCountry "AUT"]
[SourceTitle "playchess.com"]
[Source "ChessBase"]
[SourceQuality "1"]

{[%evp 23,59,17,22,18,26,7,33,30,38,31,73,44,75,78,79,92,105,92,342,329,534,544,1091,1045,1635,1604,1524,1517,1733,1755,29980,29981,29981,29982,29995,29992,29996,29993]} 1. d4 Nf6 2. Nf3 g6 3. g3 Bg7 4. Bg2 O-O 5. O-O d6 6. b3 c5 7. c4 Nc6 8. Bb2 cxd4 9. Nxd4 Bd7 10. Nc3 Qa5 11. e3 Rfc8 12. h3 Rab8 {LiveBook: 17 Games. E60: King's Indian: Unusual lines and Fianchetto Variation without Nc3} 13. Nde2 a6 14. a4 {[#]} Qb6 $146 {The position is equal.} ({Predecessor:} 14... Nb4 15. Qd2 Qd8 16. Nf4 Bc6 17. e4 a5 18. Ncd5 e6 19. Nxb4 axb4 20. Rfe1 {½-½ (72) Sargissian,G (2672)-Guseinov,G (2646) Riadh 2017}) 15. Rb1 Na5 16. Ba1 Bc6 17. e4 Nd7 18. b4 $36 {[%mdl 2048] Black is under strong pressure.} Nxc4 {[#]} 19. b5 $1 {[%cal Rb5c6]} axb5 20. axb5 {[%cal Ba4b5,Bb5c6,Bc6d7][%mdl 32]} Na3 $2 (20... Qa7 $16) 21. bxc6 $18 Nxb1 $2 (21... Qxc6 22. Nd5 Bf8) 22. Nd5 ({Not} 22. cxd7 Rxc3 23. Nxc3 (23. Qxb1 Qxb1 24. Rxb1 Rc7 $11) 23... Nxc3 $18) 22... Qa6 23. cxd7 Rd8 24. Nxe7+ Kf8 25. Bxg7+ Kxg7 26. Qd4+ Kf8 27. Nd5 {[%cal Rd4h8] White mates.} Kg8 28. Nef4 Qa2 29. Ne7+ Kf8 30. Nfd5 {Precision: White = 100%, Black =  9%.} 1-0

[Event "Graz Open 2018"]
[Site "Graz"]
[Date "2018.02.18"]
[Round "2"]
[White "Deac, Bogdan-Daniel"]
[Black "Warakomska, Anna"]
[Result "1-0"]
[WhiteElo "2549"]
[BlackElo "2269"]
[Annotator "TA"]
[PlyCount "103"]
[EventDate "2018.??.??"]
[EventType "swiss"]
[EventCountry "AUT"]
[SourceTitle "playchess.com"]
[Source "ChessBase"]
[SourceQuality "1"]

{[%evp 15,103,21,28,21,20,20,12,17,23,20,33,8,66,60,50,63,57,66,64,58,59,66,73,61,56,58,51,42,45,40,52,27,26,49,48,15,14,0,50,72,44,55,65,10,116,103,200,199,195,181,172,179,226,123,221,210,214,206,212,204,195,184,242,242,295,285,268,220,351,332,475,453,647,947,949,945,934,904,859,813,6262,7449,29950,6536,29966,29963,29970,29971,29979,29980]} 1. d4 d5 2. c4 c6 3. Nf3 Nf6 4. Nc3 dxc4 5. a4 Bf5 6. Ne5 Nbd7 7. Nxc4 Nb6 8. Ne5 a5 9. h4 {D17: Slav Defence: 5 a4 Bf5: Lines with 6 Nh4 and 6 Ne5} e6 10. f3 {Threatens to win with g4.} h6 11. e4 {The position is equal.} Bh7 $1 12. Be3 Nfd7 13. Nd3 Rc8 (13... Bb4 $11) (13... Bd6 14. Bf2 O-O 15. Qb3 Qe7 16. g4 Kh8 {0-1 (32) So,W (2812)-Giri,A (2771) Leuven 2017}) 14. Qb3 Be7 15. g3 O-O 16. Kf2 c5 17. dxc5 Nxc5 18. Nxc5 Bxc5 19. Bxc5 Rxc5 {[#]} 20. Rd1 $146 Qc7 21. Be2 Nc4 22. Nb5 Qb6 23. Nd4 Qxb3 24. Nxb3 Rcc8 25. Rd4 Nxb2 26. Ra1 e5 27. Rd2 $36 {[%mdl 2048] Black is under strong pressure.} Nc4 28. Rc2 Nb6 $1 29. Rb2 (29. Rxc8 $14 Rxc8 30. Nxa5) 29... f5 (29... Nc4 $1 $11 30. Rc2 Nb6) 30. Nxa5 $16 Ra8 (30... Nd7 $16) 31. Rxb6 $18 Rxa5 {[#]} 32. exf5 $1 ({Much less strong is} 32. Rxb7 $6 fxe4 33. Rb5 Rfa8 $16) 32... Bxf5 33. Rxb7 Rfa8 34. Rc1 (34. Bb5 $18) 34... R5a7 (34... Rxa4 $16 {was called for.} 35. Rcc7 Kh8) 35. Rxa7 Rxa7 {[%mdl 4096] Endgame KRB-KRB} 36. Bb5 Kf7 37. Ke3 Ke7 38. g4 Bh7 (38... Be6 $142 39. Rc5 Kd6 40. Rc6+ Kd5) 39. Rc6 Kf7 40. Kd2 Ke7 41. Rb6 Bg8 (41... e4 {keeps fighting.} 42. f4 e3+ 43. Kxe3 Bc2) 42. Rg6 Kf8 (42... Kf7 $142 43. h5 Kf8) 43. Ra6 Rxa6 (43... Rc7 $142 44. Ra8+ Kf7) 44. Bxa6 {KB-KB} Bd5 45. Be2 Ke7 46. Kc3 Kd6 47. Kb4 g5 48. h5 Bc6 49. a5 {[%cal Ba4a5,Ba5a6][%mdl 32]} Kc7 50. Kc5 {White mates.} Ba8 51. a6 Bc6 52. Bc4 {Precision: White = 75%, Black = 38%.} 1-0

[Event "Graz Open 2018"]
[Site "Graz"]
[Date "2018.02.18"]
[Round "2"]
[White "Dastan, Muhammed Batuhan"]
[Black "Barle, Janez"]
[Result "1-0"]
[WhiteElo "2520"]
[BlackElo "2262"]
[Annotator "TA"]
[PlyCount "51"]
[EventDate "2018.??.??"]
[EventType "swiss"]
[EventCountry "AUT"]
[SourceTitle "playchess.com"]
[Source "ChessBase"]
[SourceQuality "1"]

{[%evp 21,51,43,53,52,60,63,60,46,59,27,105,0,105,116,93,103,135,94,133,91,151,163,143,156,202,202,200,197,195,187,277,282]} 1. e4 d5 2. exd5 Nf6 3. d4 Bg4 4. Bb5+ Nbd7 5. f3 Bf5 6. Nc3 a6 7. Ba4 b5 {B01: Skandinavische Verteidigung} 8. Bb3 Nb6 9. Nge2 Nfxd5 10. Nxd5 Nxd5 11. Ng3 Bc8 {LiveBook: 7 Partien} 12. a4 {Droht stark axb5.} Bb7 13. O-O e6 14. Qe2 Qd7 $146 ({Vorgänger:} 14... Bc6 15. axb5 axb5 16. Rxa8 Qxa8 17. Bxd5 Bxd5 18. Qxb5+ {1-0 (46) Georgiev,K (2494)-Theoharidis,G (1569) Chalkidiki 2007}) 15. f4 g6 (15... c5 $11 {bleibt in der Remisbreite.}) 16. Ne4 (16. f5 $16) 16... O-O-O (16... Be7 $11 {hält das Gleichgewicht.}) 17. axb5 $16 axb5 18. c3 $36 {[%mdl 2048] Schwarz steht unter starkem Druck.} Be7 19. Bc2 f5 20. Nf2 g5 ({Günstiger ist} 20... c5) 21. fxg5 h6 22. Re1 {Und weiter mit g6 wäre nett.} Bxg5 23. Bxg5 hxg5 24. Qxe6 Qxe6 25. Rxe6 Nf4 (25... f4 {war nötig.} 26. Re5 b4 27. Bf5+ (27. Rxg5 bxc3 28. Bf5+ Kb8 $16) 27... Kb8) 26. Re5 {Precision: Weiß = 61%, Schwarz = 30%.} ({Schwächer ist} 26. Bxf5 Nxe6 27. Bxe6+ Kb8 $14) 1-0

[Event "Graz Open 2018"]
[Site "Graz"]
[Date "2018.02.18"]
[Round "2"]
[White "Poetsch, Hagen"]
[Black "Gungl, Theo"]
[Result "1-0"]
[WhiteElo "2484"]
[BlackElo "2251"]
[Annotator "TA"]
[PlyCount "51"]
[EventDate "2018.??.??"]
[EventType "swiss"]
[EventCountry "AUT"]
[SourceTitle "playchess.com"]
[Source "ChessBase"]
[SourceQuality "1"]

{[%evp 23,51,53,60,19,19,8,10,15,22,9,18,12,36,11,19,25,33,-9,35,0,33,8,235,246,231,227,244,233,255,227]} 1. e4 c5 2. Nf3 d6 3. d4 cxd4 4. Nxd4 Nf6 5. Nc3 a6 6. h3 e6 7. g4 b5 8. Bg2 Bb7 9. O-O {B81: Sicilian Scheveningen: Keres Attack} Qc7 (9... Nfd7 10. Re1 Be7 11. e5 d5 12. a4 b4 13. Nxd5 Bxd5 14. Bxd5 exd5 15. e6 O-O 16. exd7 Qxd7 {1-0 (44) Anand,V (2803)-Volokitin,A (2639) Berlin 2015}) 10. Re1 Be7 11. a4 bxa4 12. Rxa4 O-O $1 {LiveBook: 4 Games} 13. Qe2 $146 ({Find the theoretical novelty and annotate with similar games:} 13. Rb4 Nfd7 14. Rxb7 Qxb7 15. e5 d5 16. Nxe6 fxe6 17. Nxd5 {1-0 (17) Zhou,Y (2464)-Georgiev,K (2443) Sunny Beach 2014}) 13... Nfd7 14. Rc4 Qd8 15. Be3 Ne5 16. Rb4 Qc8 17. f4 Nec6 18. Rc4 $36 {[%mdl 2048] White has the initiative.} Nxd4 19. Bxd4 Nc6 20. Bf2 Qd8 21. Rd1 Rc8 22. Na4 Qa5 $2 {[#]} (22... e5 $11 {and Black is okay.}) 23. Nb6 $1 $18 Qb5 24. Nxc8 Rxc8 25. b3 Rd8 {intending ...Na5.} 26. Qe1 {Precision: White = 36%, Black = 43%.} 1-0

[Event "Graz Open 2018"]
[Site "Graz"]
[Date "2018.02.18"]
[Round "2"]
[White "Kanmazalp, Ogulcan"]
[Black "Steindl, Johannes"]
[Result "1-0"]
[WhiteElo "2477"]
[BlackElo "2236"]
[Annotator "TA"]
[PlyCount "53"]
[EventDate "2018.??.??"]
[EventType "swiss"]
[EventCountry "AUT"]
[SourceTitle "playchess.com"]
[Source "ChessBase"]
[SourceQuality "1"]

{[%evp 12,53,11,8,18,27,22,21,20,19,20,25,35,0,0,0,8,0,97,111,107,111,110,110,133,127,127,132,130,126,149,146,164,181,254,259,242,289,418,310,612,592,1120,1110]} 1. e4 e5 2. Nf3 Nc6 3. Bc4 Bc5 4. O-O Nf6 5. d3 O-O 6. Bg5 h6 7. Bh4 Be7 {C50: Hungarian Defence and Giuoco Pianissimo} 8. Bg3 d6 9. a4 Bg4 $146 {The position is equal.} ({Predecessor:} 9... Kh8 10. c3 Nh7 11. Nbd2 f5 12. exf5 Bxf5 13. a5 a6 14. Re1 {½-½ (22) Tomashevsky,E (2711)-Aronian,L (2785) Sharjah 2017}) 10. h3 Bh5 11. c3 Nh7 12. Bh2 Ng5 {White must now prevent ...Nxf3+.} 13. Nbd2 Kh8 14. Bd5 Qd7 (14... Qc8 $11) 15. Nxe5 $16 Nxh3+ {[#]} 16. Kh1 $1 dxe5 17. Qxh5 Nf4 {[#]} 18. Bxf4 $1 exf4 19. Nf3 Nd8 20. d4 c6 21. Bb3 Kh7 22. Ne5 Qd6 (22... Qe8 $142 23. Qh3 g6) 23. Qf5+ $18 g6 24. Qxf4 f5 (24... c5 $142 25. dxc5 Qxc5) 25. Rae1 c5 $2 (25... Bg5 26. Qh2 f4) 26. dxc5 Qb8 27. Qg3 {Precision: White = 78%, Black = 42%.} 1-0

[Event "Graz Open 2018"]
[Site "Graz"]
[Date "2018.02.18"]
[Round "2"]
[White "Ding, Tze How Dilwen"]
[Black "Istratescu, Andrei"]
[Result "0-1"]
[WhiteElo "2306"]
[BlackElo "2595"]
[Annotator "TA"]
[PlyCount "98"]
[EventDate "2018.??.??"]
[EventType "swiss"]
[EventCountry "AUT"]
[SourceTitle "playchess.com"]
[Source "ChessBase"]
[SourceQuality "1"]

{[%evp 14,98,31,13,35,-9,-17,-22,-15,-14,-7,-8,-8,-8,-4,-19,-10,-12,-15,-17,-12,-20,-16,-14,0,-6,-13,-16,0,-31,-31,-49,-49,-51,-49,-49,-49,-49,-25,-25,-29,-107,-97,-133,-133,-133,-133,-133,-132,-141,-141,-146,-141,-141,-125,-150,-145,-150,-104,-143,-148,-170,0,-140,-114,-120,-103,-197,-190,-204,-175,-183,-199,-256,-253,-239,-232,-285,-259,-317,-308,-390,-412,-405,-404,-4818,-968]} 1. d4 e6 2. c4 Nf6 3. Nf3 d5 4. g3 Bb4+ 5. Bd2 Bd6 (5... Be7 6. Bg2 O-O 7. O-O Nbd7 8. Qc2 c6 9. Rc1 b6 10. cxd5 cxd5 11. Bf4 Bb7 12. Qb3 Rc8 13. Rxc8 Qxc8 14. Nc3 Nh5 15. Bg5 Bxg5 16. Nxg5 Qb8 {½-½ (36) Karjakin,S (2753)-Wei,Y (2743) Wijk aan Zee 2018}) 6. Bg2 {E01: Catalan: Early deviations} c6 7. O-O Nbd7 8. Qb3 {LiveBook: 4 Games. White is slightly better.} Ne4 $146 ({Predecessor:} 8... O-O 9. Nc3 h6 10. Rad1 Rb8 11. a3 Re8 12. Rfe1 Ne4 13. Nxe4 dxe4 {½-½ (32) Meier,G (2651)-Ju,W (2574) Saint Louis 2017}) 9. cxd5 (9. Nc3 {is more complex.} Nxd2 10. Nxd2 Be7 11. Rfd1 Qb6 12. e4) 9... exd5 10. Bb4 Qb6 (10... O-O {seems wilder.} 11. Bxd6 Nxd6 12. Nc3 Nb6 13. Qd1 a5) 11. Bxd6 Qxb3 12. axb3 Nxd6 13. Nc3 {[%cal Bb1c3,Bc3a4,Ba4c5][%mdl 32]} O-O 14. Rfc1 a6 15. Na4 Re8 16. e3 Rb8 17. b4 Nf8 18. Nc5 h6 19. Bf1 Bf5 20. Ra3 (20. h3 {looks sharper.} h5 21. Ne5 f6 22. Nf3 Ng6 23. Nd2) 20... Ne6 21. Nxe6 Rxe6 22. Nd2 g5 23. Bd3 Bxd3 24. Rxd3 Rbe8 25. Nb3 Ne4 26. Nc5 R6e7 27. g4 (27. Rdd1 $11) 27... Kg7 28. Nxe4 Rxe4 $17 {[%mdl 4096] Endgame KRR-KRR} 29. h3 {[#]} h5 $1 {[%mdl 512]} 30. gxh5 Rh8 31. Kg2 Rxh5 32. f3 Reh4 33. Rh1 f5 34. Rdd1 Kf6 35. Rdf1 Rh8 36. Re1 R8h7 37. Ref1 Rh8 38. Re1 $1 R8h6 39. Ref1 Ke7 40. b3 (40. f4 $17) 40... Re6 $19 41. Re1 Kd6 42. Kf2 Reh6 43. Kg2 (43. Reg1 {might work better.} g4 44. Rg3) 43... Kc7 44. b5 axb5 45. b4 Kd6 46. Ra1 f4 47. e4 dxe4 48. fxe4 g4 49. hxg4 {[#]} (49. Rhf1 $142 gxh3+ 50. Kh2) 49... f3+ $1 {[%mdl 512] Precision: White = 32%, Black = 62%.} 0-1

[Event "Graz Open 2018"]
[Site "Graz"]
[Date "2018.02.18"]
[Round "2"]
[White "Livaja, Mario"]
[Black "Czarnota, Pawel"]
[Result "1/2-1/2"]
[WhiteElo "2288"]
[BlackElo "2562"]
[Annotator "TA"]
[PlyCount "40"]
[EventDate "2018.??.??"]
[EventType "swiss"]
[EventCountry "AUT"]
[SourceTitle "playchess.com"]
[Source "ChessBase"]
[SourceQuality "1"]

{[%evp 19,40,50,40,32,52,62,60,70,58,30,58,24,36,33,42,27,64,0,24,0,60,0,29]} 1. d4 Nf6 2. c4 g6 3. Nc3 Bg7 4. e4 d6 5. f3 O-O 6. Be3 a6 7. Qd2 Nbd7 8. Nge2 c5 9. dxc5 dxc5 10. Rd1 {E81: Königsindisch (Sämisch-Angriff)} Qc7 {LiveBook: 27 Partien} 11. Nc1 (11. Nf4 e6 12. Nd3 Nh5 13. Be2 b6 14. Nf2 Rd8 15. Bg5 Re8 16. O-O Ne5 17. Qd6 Ra7 {1-0 (46) Sjugirov,S (2643)-Fedoseev,V (2668) Martuni 2014}) 11... e6 12. Be2 {Weiß steht etwas besser.} b6 13. O-O Bb7 14. Qd6 $146 ({Vorgänger:} 14. Bf4 e5 15. Bg5 Rfe8 16. Qd6 Qxd6 17. Rxd6 Bf8 {1-0 (99) Degtiarev,E (2254)-Kraemer,M (2173) Willingen 2003}) 14... Rfc8 15. Rd2 Bc6 16. Qxc7 Rxc7 17. Rfd1 Rcc8 18. Rd3 ({Günstiger ist} 18. f4 $14) 18... Rc7 19. R3d2 Rcc8 20. Rd3 Rc7 {Precision: Weiß = 35%, Schwarz = 57%.} 1/2-1/2

[Event "Graz Open 2018"]
[Site "Graz"]
[Date "2018.02.18"]
[Round "2"]
[White "Bakalarz, Mietek"]
[Black "Nevednichy, Vladislav"]
[Result "1/2-1/2"]
[WhiteElo "2276"]
[BlackElo "2551"]
[Annotator "TA"]
[PlyCount "55"]
[EventDate "2018.??.??"]
[EventType "swiss"]
[EventCountry "AUT"]
[SourceTitle "playchess.com"]
[Source "ChessBase"]
[SourceQuality "1"]

{[%evp 9,55,-8,-8,-8,-6,-8,-9,-15,0,-8,-11,-5,7,1,21,14,13,12,20,15,17,-11,-9,-4,-11,-16,-14,-51,-16,-34,-35,-39,-19,-10,41,42,13,24,51,44,58,55,95,53,85,56,109,106]} 1. d4 Nf6 2. Bf4 d5 3. e3 e6 4. Nd2 Bd6 5. Bd3 (5. Bg3 O-O 6. Bd3 c5 7. c3 Qc7 8. Bxd6 Qxd6 9. f4 b6 10. Ngf3 Ba6 11. Bxa6 Nxa6 12. Ne5 Nc7 {½-½ (77) Ni,H (2671)-Meier,G (2650) Riadh 2017}) 5... Bxf4 6. exf4 {D00: Damenbauernspiele} Qd6 7. Ne2 b6 8. O-O {Die Stellung ist ausgeglichen.} O-O 9. Nf3 c5 {[#] Droht stark ...c4.} 10. c3 g6 $146 ({Vorgänger:} 10... Ba6 11. Ne5 Bxd3 12. Qxd3 Nfd7 {1-0 (32) Kardon,Z (2169)-Puha,P (1985) Hungary 2013}) 11. Ne5 Ne8 {[%cal Bf6e8,Be8d6,Bd6c4][%mdl 32]} 12. Qd2 f6 13. Nf3 Ba6 14. Bxa6 Nxa6 15. g4 Qd7 16. Ng3 Nd6 17. Rfe1 Nc7 18. Kg2 Nc4 (18... e5 $5 19. fxe5 Nc4 $15) 19. Qe2 e5 20. f5 {[%cal Rd4e5]} gxf5 21. gxf5 {[%cal Rd4e5]} cxd4 (21... Rae8 $11) 22. cxd4 $14 e4 23. Nh4 Qg7 24. b3 Na3 25. Rac1 Ncb5 26. Kh1 {Und Sh5 würde nun gewinnen.} Qg5 $1 {[%cal Rg5h4]} ({Jedoch nicht} 26... Nxd4 $2 27. Qd2 $18) 27. Qh5 Rf7 {[#]} (27... Nxd4 $14 28. Rc7 Qxh5 29. Nxh5 Kh8) 28. Rg1 $1 {Precision: Weiß = 56%, Schwarz = 42%.} 1/2-1/2